| 000 | 01023nas a2200349 4500 | ||
|---|---|---|---|
| 001 | BR2014002887 | ||
| 003 | BR-BrBNA | ||
| 005 | 20231205124009.0 | ||
| 007 | ta | ||
| 008 | 230509b bl.|||p| |||| 00| 00por d | ||
| 040 |
_aBR-BrBNA _bpor _cBiblioteca Nacional de Agricultura |
||
| 041 | _a(Pt) | ||
| 072 | _aL40 | ||
| 100 | 1 | _aCardoso, J.R. | |
| 100 | 1 | _aSouza, P.R. | |
| 100 | 1 | _aCruz, V.S. | |
| 100 | 1 | _aBenetti, E.J. | |
| 100 | 1 | _aSilva, M.S.B. e | |
| 100 | 1 | _aMoreira, P.C. | |
| 100 | 1 | _aCardoso, A.A.L. | |
| 100 | 1 | _aMartins, A.K. | |
| 100 | 1 | _aAbreu, T. | |
| 100 | 1 | _aSimões, K. | |
| 100 | 1 | _aGuimarães, F.R. | |
| 245 | 1 | _aEstudo anatômico do plexo lombossacral de Tamandua tetradactyla | |
| 650 | _aTAMANDUÁ | ||
| 650 | _aANATOMIA ANIMAL | ||
| 650 | _aSISTEMA NERVOSO | ||
| 773 | 0 |
_tArquivo Brasileiro de Medicina Veterinária e Zootecnia (Brazil) _xISSN 0102-0935 _g(Dec 2013), v. 65(6) p. 1720-1728 _wBR2014002887 |
|
| 909 |
_a202311 _bLúcia _c55 _dLúcia Elande |
||
| 942 |
_2AGRIS _n0 _cANA |
||
| 999 |
_c236819 _d236819 |
||